[Event "FRA-ch Blitz Online Qual"]
[Site "Europe Echecs INT"]
[Date "2020.05.16"]
[Round "15"]
[White "Rahnama, Matin"]
[Black "Roussel, Matthieu"]
[Result "1-0"]
[WhiteElo "1754"]
[BlackElo "1577"]
[PlyCount "71"]
[EventDate "2020.05.16"]
[EventType "swiss (blitz)"]
[EventRounds "15"]
[EventCountry "FRA"]
[SourceTitle "CBM 196 Extra"]
[Source "ChessBase"]
[SourceDate "2020.07.31"]
[SourceVersion "1"]
[SourceVersionDate "2020.07.31"]
[SourceQuality "1"]

1. e4 e5 2. f4 d5 3. exd5 exf4 4. Nf3 Nf6 5. Bb5+ Bd7 6. Qe2+ Be7 7. 0-0 0-0 8. d4 Nxd5 9. Bxd7 Nxd7 10. Qb5 N7b6 11. c4 Ne3 12. Bxe3 fxe3 13. Nc3 a6 14. Qh5 Nxc4 15. Rfe1 h6 16. b3 Nd2 17. Rxe3 Nxf3+ 18. Qxf3 Qxd4 19. Rd1 Qc5 20. b4 Qb6 21. Nd5 Qa7 22. Nxe7+ Kh8 23. Kf2 Rae8 24. Rd7 f5 25. Ng6+ Kh7 26. Nxf8+ Rxf8 27. g3 Kg8 28. Kg2 Rf6 29. Ree7 Rg6 30. Qxf5 Qb6 31. h4 Qc6+ 32. Kh2 Qc3 33. Qd3 Qf6 34. Re8+ Kh7 35. h5 Qf2+ 36. Kh3 1-0

[Event "Europe Echecs online op April"]
[Site "Europe Echecs INT"]
[Date "2020.04.11"]
[Round "1"]
[White "Gozzoli, Yannick"]
[Black "Rahnama, Matin"]
[Result "1-0"]
[WhiteElo "2608"]
[BlackElo "1714"]
[PlyCount "77"]
[EventDate "2020.04.11"]
[EventType "swiss (blitz)"]
[EventRounds "11"]
[EventCountry "FRA"]
[SourceTitle "EXT 2021"]
[Source "ChessBase"]
[SourceDate "2020.10.23"]
[SourceVersion "1"]
[SourceVersionDate "2020.10.23"]
[SourceQuality "1"]

1. d4 Nf6 2. Nf3 e6 3. Bg5 b6 4. e4 Be7 5. Bxf6 Bxf6 6. c3 Bb7 7. Nbd2 0-0 8. Bd3 d6 9. Qe2 Nd7 10. e5 dxe5 11. dxe5 Bxf3 12. Nxf3 Be7 13. 0-0-0 Qc8 14. h4 a5 15. h5 h6 16. Qe4 f5 17. exf6 Nxf6 18. Qg6 Qe8 19. Ne5 Qxg6 20. Nxg6 Rf7 21. Bc4 Nd5 22. Rhe1 Bg5+ 23. Kb1 Rxf2 24. Rxd5 b5 25. Rxb5 Rd8 26. Bxe6+ Kh7 27. g4 a4 28. a3 Bd2 29. Rd1 Re2 30. Bf5 c6 31. Nf4+ Kh8 32. Nxe2 cxb5 33. Kc2 Bg5 34. Rxd8+ Bxd8 35. Bd7 b4 36. cxb4 g6 37. Bxa4 gxh5 38. gxh5 Kg7 39. Bc6 1-0

[Event "Europe Echecs online op April"]
[Site "Europe Echecs INT"]
[Date "2020.04.11"]
[Round "11"]
[White "Rahnama, Matin"]
[Black "Bourgois, Bastien"]
[Result "1-0"]
[WhiteElo "1714"]
[BlackElo "2131"]
[PlyCount "151"]
[EventDate "2020.04.11"]
[EventType "swiss (blitz)"]
[EventRounds "11"]
[EventCountry "FRA"]
[SourceTitle "EXT 2021"]
[Source "ChessBase"]
[SourceDate "2020.10.23"]
[SourceVersion "1"]
[SourceVersionDate "2020.10.23"]
[SourceQuality "1"]

1. e4 c5 2. Nf3 Nc6 3. c3 d5 4. exd5 Qxd5 5. d4 Bf5 6. Be2 cxd4 7. cxd4 Bxb1 8. Rxb1 e6 9. Bg5 Be7 10. Bxe7 Ngxe7 11. 0-0 Qxa2 12. Bb5 0-0 13. b3 Qa5 14. Bc4 Rfd8 15. Ra1 Qb6 16. Qd2 Nxd4 17. Nxd4 Qxd4 18. Qg5 Qf6 19. Qc5 b6 20. Qc7 Rdc8 21. Qb7 Nc6 22. Bb5 Na5 23. Qd7 Qd8 24. b4 Qxd7 25. Bxd7 Rc7 26. bxa5 Rxd7 27. axb6 a5 28. Rfc1 Kf8 29. Ra4 Rb7 30. Rc6 Ke8 31. Kf1 Kd7 32. Rc5 Rxb6 33. Rcxa5 Rxa5 34. Rxa5 Ke7 35. g4 Rb3 36. h4 h6 37. Kg2 Kf6 38. f3 Rc3 39. Kg3 Rb3 40. Kf4 Rb4+ 41. Kg3 Kg6 42. Re5 Ra4 43. Rb5 Kf6 44. Rc5 g6 45. g5+ hxg5 46. hxg5+ Ke7 47. Rc7+ Ke8 48. f4 Ra5 49. Kf3 Rf5 50. Ke4 Kd8 51. Ra7 Ke8 52. Rb7 Kf8 53. Ra7 Kg7 54. Ra8 Rb5 55. Rc8 Rb1 56. Rc4 Kf8 57. Rc7 Ke8 58. Ke5 Re1+ 59. Kf6 Re4 60. Re7+ Kd8 61. Rxf7 Rxf4+ 62. Kxe6 Re4+ 63. Kf6 Ke8 64. Kxg6 Re6+ 65. Rf6 Re1 66. Kh7 Rh1+ 67. Kg8 Rg1 68. g6 Ke7 69. Rf7+ Ke8 70. g7 Rh1 71. Ra7 Rh2 72. Ra5 Rh1 73. Re5+ Kd7 74. Kf7 Rf1+ 75. Kg6 Rg1+ 76. Rg5 1-0

[Event "Europe Echecs online op April"]
[Site "Europe Echecs INT"]
[Date "2020.04.11"]
[Round "8"]
[White "Rahnama, Matin"]
[Black "Boury, Francois"]
[Result "1-0"]
[WhiteElo "1714"]
[BlackElo "1938"]
[PlyCount "65"]
[EventDate "2020.04.11"]
[EventType "swiss (blitz)"]
[EventRounds "11"]
[EventCountry "FRA"]
[SourceTitle "EXT 2021"]
[Source "ChessBase"]
[SourceDate "2020.10.23"]
[SourceVersion "1"]
[SourceVersionDate "2020.10.23"]
[SourceQuality "1"]

1. e4 d6 2. d4 Nf6 3. Bd3 e5 4. dxe5 dxe5 5. Nf3 Nbd7 6. 0-0 Be7 7. Bg5 0-0 8. Nc3 c6 9. Bh4 Qc7 10. Bc4 b5 11. Bb3 a5 12. a3 Rb8 13. Ne2 Nc5 14. Ng3 Nfxe4 15. Bxe7 Qxe7 16. Nxe4 Nxe4 17. Re1 Bf5 18. c3 Rbd8 19. Qe2 Nc5 20. Ba2 e4 21. Nd4 Bd7 22. Rad1 a4 23. c4 Qf6 24. cxb5 cxb5 25. Nxb5 Nd3 26. Nc7 Nxe1 27. Nd5 Qe5 28. Qxe1 Rfe8 29. Qb4 Be6 30. Bc4 Bxd5 31. Bb5 Rf8 32. Qc5 Qe6 33. Bxa4 1-0

[Event "Europe Echecs online op April"]
[Site "Europe Echecs INT"]
[Date "2020.04.11"]
[Round "5"]
[White "Rahnama, Matin"]
[Black "Domenech, Vianney"]
[Result "1-0"]
[WhiteElo "1714"]
[BlackElo "2236"]
[PlyCount "59"]
[EventDate "2020.04.11"]
[EventType "swiss (blitz)"]
[EventRounds "11"]
[EventCountry "FRA"]
[SourceTitle "EXT 2021"]
[Source "ChessBase"]
[SourceDate "2020.10.23"]
[SourceVersion "1"]
[SourceVersionDate "2020.10.23"]
[SourceQuality "1"]

1. e4 c6 2. c4 d5 3. cxd5 cxd5 4. exd5 Nf6 5. Bb5+ Bd7 6. Bc4 g6 7. Nf3 Bg7 8. Nc3 0-0 9. 0-0 a6 10. d4 b5 11. Bb3 Bc8 12. a3 Bb7 13. Bg5 Nbd7 14. Ne5 Nb6 15. Nc6 Qd6 16. Bxf6 exf6 17. Ne4 Qf4 18. Re1 Kh8 19. Nc5 Bc8 20. Re4 Qg5 21. h4 Qf5 22. Ne7 Qh5 23. Qxh5 gxh5 24. Nxc8 Raxc8 25. d6 Rcd8 26. Nb7 Rd7 27. Re7 Rfd8 28. Rae1 Bf8 29. Nxd8 Rxd6 30. Nxf7+ 1-0

[Event "Europe Echecs online op April"]
[Site "Europe Echecs INT"]
[Date "2020.04.11"]
[Round "9"]
[White "Simon, Olivier"]
[Black "Rahnama, Matin"]
[Result "1-0"]
[WhiteElo "2302"]
[BlackElo "1714"]
[PlyCount "73"]
[EventDate "2020.04.11"]
[EventType "swiss (blitz)"]
[EventRounds "11"]
[EventCountry "FRA"]
[SourceTitle "EXT 2021"]
[Source "ChessBase"]
[SourceDate "2020.10.23"]
[SourceVersion "1"]
[SourceVersionDate "2020.10.23"]
[SourceQuality "1"]

1. e4 e5 2. Nc3 Nc6 3. Bc4 Bc5 4. Qg4 Qf6 5. Nd5 Qg6 6. Nxc7+ Kd8 7. Qxg6 hxg6 8. Nxa8 Nd4 9. Kd1 b5 10. Bf1 Nf6 11. f3 Bb7 12. c3 Ne6 13. d3 Bxa8 14. Ne2 b4 15. g3 g5 16. Bg2 g4 17. f4 exf4 18. gxf4 bxc3 19. bxc3 Bf2 20. f5 Nc5 21. Kc2 Bc6 22. Ba3 Ba4+ 23. Kd2 d6 24. Ng3 a5 25. Raf1 Bxg3 26. hxg3 Re8 27. Rb1 Kc7 28. Rb2 Nfd7 29. Rhb1 Ne5 30. Bxc5 dxc5 31. Rb7+ Kd6 32. d4 cxd4 33. cxd4 Nc4+ 34. Kd3 Na3 35. R1b6+ Bc6 36. e5+ Rxe5 37. Rxc6# 1-0